000 01115nmc a2200385 a 4500
003 AR-BaBNM
005 20251128204406.0
008 316119s1989 ||||||||||||||000 | spa||
020 _a950-9732-97-4
040 _cAR-BaBNM
100 1 _aBertoni, Lilia Ana
245 1 0 _aLos tiempos de San Martín
250 _a3ª ed.
260 _aBuenos Aires
_bLibros del Quirquincho
_c1989
300 0 _a61 p.
_bil.
490 0 _aUna historia argentina
_vv. 5
600 0 4 _aLuca
600 1 4 _aGüemes, Martín Miguel de
_d1785-1821
600 1 4 _aArtigas, José Gervasio
_d1764-1850
650 4 _aCONGRESO DE TUCUMAN
650 4 _aINDEPENDENCIA ARGENTINA
650 4 _aHISTORIA CONSTITUCIONAL
650 4 _aHISTORIA PROVINCIAL ARGENTINA
650 4 _aHISTORIA DE LAS IDEAS
650 4 _aHISTORIA MILITAR
650 4 _aHISTORIA POLITICA
651 4 _aArgentina
700 1 _aRomero, Luis Alberto
700 1 _aMontes, Graciela
_ecolaborador
700 1 _aSchlaen, Carlos
_eilustrador
800 1 _aBertoni, Lilia Ana
800 1 _aRomero, Luis Alberto
_edirector
942 _cBK
998 _cenrique
999 _c7273
_d7273